| 000 | 00854cam a2200289 i 4500 | ||
|---|---|---|---|
| 005 | 20260322212020.0 | ||
| 008 | data | ||
| 010 | _a 75032976 | ||
| 020 | _a0809281228 | ||
| 020 | _a9780809281220 | ||
| 040 |
_aDLC _cDLC _dDLC |
||
| 043 | _an-us--- | ||
| 050 | 0 | 0 |
_aML420.L947 _bA3 |
| 082 | 0 | 0 |
_aB _aB |
| 100 | 1 | _aLynn, Loretta. | |
| 245 | 1 | 0 |
_aLoretta Lynn : _bCoal miner's daughter / _cLoretta Lynn & George Vecsey. |
| 260 |
_aChicago : _bRegnery, _cc1976. |
||
| 300 |
_axiv, 204 p., [8] leaves of plates : _bill. ; _c24 cm. |
||
| 500 | _a"A Bernard Geis Associates book." | ||
| 500 | _aIncludes index. | ||
| 600 | 1 | 0 | _aLynn, Loretta. |
| 650 | 0 |
_aCountry musicians _vBiography. _zUnited States |
|
| 700 | 1 | _aVecsey, George. | |
| 906 |
_a7 _bcbc _corignew _d1 _eocip _f19 _gy-gencatlg |
||
| 991 |
_bc-Music _hML420.L947 _iA3 _tCopy 1 _wBOOKS |
||
| 001 | data | ||
| 999 |
_c454 _d454 |
||